| 000 | 01049 a2200253 4500 | ||
|---|---|---|---|
| 005 | 20160115085354.0 | ||
| 008 | 160115s2014 cl ao fr|||| 001 0 spa d | ||
| 020 | _a9789569603006 | ||
| 040 |
_aCO-BoUCM _bspa _cSaul Niño _dSaul Niño |
||
| 041 | 0 | _aspa | |
| 245 | 0 | 0 |
_aRepresentaciones religiosas y devociones al margen _cLuis Bahamondes González, Antonieta Vera Gajardo |
| 260 |
_c2014 _bCrann _bUniversidad Alberto Hurtado _aSantiago de Chile (Chile) |
||
| 300 |
_a192 páginas _bilustraciones, fotografías |
||
| 504 | _aIncluye referencias bibliográficas e índices | ||
| 650 | 7 |
_974746 _aDevociones populares _zSantiago de Chile (Chile) |
|
| 650 | 7 |
_aDevociones populares _zCiudad de México (México) _974747 |
|
| 650 | 7 |
_918768 _aLiturgia |
|
| 650 | 7 |
_912128 _aCreencias religiosas |
|
| 690 |
_942816 _aFilosofía de la religión |
||
| 700 | 1 |
_aBahamondes González, Luis _eeditor _974748 |
|
| 700 | 1 |
_aVera Gajardo, Antonieta _eeditor _974749 |
|
| 942 |
_2DEWEY _a4 _cLIBRO _e1 _h242.2 _mR425re |
||
| 999 |
_c302358 _d302358 |
||